00748nam a22002057a 450000500170000001000150001702000110003203500130004303700130005608200130006910000190008224501080010126000430020927000590025230000210031150000400033294200270037299900170039995201260041620140421121420.0 aENG-109210 c125.00 aEN-92743 bDBAD/PUB a335.4309 aArun Kumar,R.  aTryst with socialism :cby R. Arun Kumarba peek into the history of international communist movement / aHyderabadbPrajasakti Book Housec2013 aM.H. Bhavan, Plot No.21/1, AzamabadbHyderabade500020 a150p.c22cm(pbk) aIncludes bibliographical references 2ddccENmARUh335.4309 c82262d82262 001040718NFICaDBADbDBADd2014-02-06eDBAD/PUBg125.00l0o335.4309 ARUpEN-92743r2014-01-30 00:00:00t1v125.00yEN